Score 0/15 Timer 06:00
0 Plays Today
Death Character % Correct
Executed on the orders of King Joffrey for treasonEddard Stark
97.8%
Killed by a wild boar during a huntRobert Baratheon
97%
Poisoned on his own wedding dayJoffrey Baratheon
95.2%
Shot by Tyrion while using the toiletTywin Lannister
95.1%
Killed while holding the doorHodor
92.9%
Killed by his fellow Nights Watchmen due to a perceived betrayalJon Snow
92.6%
Killed by a shadow with the face of StannisRenly Baratheon
92.2%
Killed by Jaime Lannister to save King's Landing from his ruleAerys Targaryen
91.9%
Death Character % Correct
Shot by an arrow after being released as a prisoner prior to the Battle of the BastardsRickon Stark
84.7%
Burned alive by her own father as a tribute to the Lord of LightShireen Baratheon
80%
Shot by Olly as the Wildlings attacked Castle BlackYgritte
79.5%
Killed by Arya to avenge the Red WeddingWalder Frey
79%
Stabbed by his son in a power grabRoose Bolton
78%
Killed in the explosion at the Sept despite warning everyone to leaveMargaery Tyrell
77.7%
Stabbed in the stomach during the Red WeddingTalisa Stark
75.4%
Remove Ads.
Support Sporcle.
Get the best of Sporcle when you Go Orange. This ad-free experience offers more features, more stats, and more fun while also helping to support Sporcle. Thank you for becoming a member.

You're not logged in!

Compare scores with friends on all Sporcle quizzes.
OR
Log In

Show Comments

Extras

Top Quizzes Today


Score Distribution

Your Account Isn't Verified!

In order to create a playlist on Sporcle, you need to verify the email address you used during registration. Go to your Sporcle Settings to finish the process.

Report this User

Report this user for behavior that violates our Community Guidelines.

Details: